Nomme le Kpop groupe avec la photo d'un membre - Statistiques

Statistiques générales
  • Ce quiz a été pris 602 fois
  • Le résultat moyen est 7 sur 16
Statistiques - réponses
Par images Réponse % Correct
Ive
78%
BabyMonster
77%
Kiss of Life
55%
BOYNEXTDOOR
53%
The Boyz
50%
Zerobaseone
45%
Kep1er
44%
P1Harmony
42%
Treasure
42%
Billlie
40%
Riize
40%
STAYC
39%
Fromis 9
22%
Xikers
18%
CIX
11%
Young Posse
7%
Aucun quiz correspondant
Distribution des résultats
% des personnes avec chaque résultat
Percentile par nombre de réponses
Votre historique - résultats
Vous n’avez pas pris ce quiz